Statistiken für Die 10 erfolgreichsten deutschen Fußballclubs

Klicken Sie hier um das Quiz zu spielen!

Allgemein

  • Dieses Quiz wurde 2.978 mal gespielt
  • Das Durchschnittsergebnis liegt bei 7 aus 10

Antwortstatistiken

MPEGesamtVerein% Korrekt
3120859Bayern München
100%
85
215Borussia Dortmund
100%
63211Hamburger SV
91%
75113Schalke 04
86%
46111Werder Bremen
86%
53210Borussia Mönchengladbach
77%
94131. FC Nürnberg
62%
10313BFC Dynamo
41%
8715Dynamo Dresden
41%
371111. FC Magdeburg
21%

Verteilung der Resultate

Perzentil nach korrekt beantworteten Fragen

Anzahl Personen mit jedem Resultat

Ihre Resultats-Entwicklung

Sie haben dieses Quiz noch nicht gespielt